000
00261nam a2200097Ia 4500
001
640822
005
20250826153454.0
008
250824s9999 xx 000 0 und d
245
0
_a
BÜYÜK HAYATLAR BÜYÜK DÜŞÜNCELER
_c
SALİHA ŞAHAN
260
_b
GENÇ TİMAŞ
999
_c
640822
_d
640822